Sugar by Maroon 5 - Song Lyrics - Statistics

General Stats
  • This quiz has been taken 1,918 times
    1,730 since last reset
  • The average score is 20 of 27
Answer Stats
Lyrics % Correct
I {need} your loving, loving; I need it now
96%
{Sugar}, yes please
96%
Ya got me beggin, beggin, I'm on my {knees}
94%
Won't you come and put it down {on} {me}
93%
I'm hurting, baby, I'm broken {down}
90%
When I'm {without} you, I'm something weak
87%
I just want to be {there} where you are
84%
And it's killing me when you're {away}
82%
And I gotta get one {little} taste...
80%
Cause I really don't {care} where you are
80%
Need a little {sweetness} in my life
80%
I just wanna be {deep} in your love
79%
Little love and little {sympathy}
77%
Don't let nobody touch it unless that somebody's {me}
76%
I want that {red} velvet; I want that sugar sweet
76%
Don't leave me hangin, hangin; Come gimme {some}
74%
I don't wanna be {needing} your love
73%
My broken {pieces}, you pick them up
71%
Yeah, you {show} me good-loving
70%
I don't wanna play no {games}
69%
You are the {one} {thing}, one thing I'm living for
69%
I gotta be your {man}, there ain't no other way
67%
'Cause girl you're hotter than a southern {California} day
63%
When I'm without ya, I'm so {insecure}
52%
No {make-up} on, that's my
39%
You don't gotta be {afraid}
39%
Don't give me all that {shy} s***
36%
No matching quizzes found
Score Distribution
Percent of People with Each Score
Percentile by Number Answered
Your Score History
You have not taken this quiz since the last reset